[Event "Mondiale Semilampo 2016"]
[Site "Doha QAT"]
[Date "2016.12.27"]
[Round "6.2"]
[White "Aronian, Levon"]
[Black "Korobov, Anton"]
[Result "1-0"]
[WhiteTitle "GM"]
[BlackTitle "GM"]
[WhiteElo "2785"]
[BlackElo "2692"]
[WhiteFideId "13300474"]
[BlackFideId "14105730"]
[EventDate "2016.12.26"]

1. c4 e5 2. g3 Nf6 3. Bg2 d5 4. cxd5 Nxd5 5. Nf3 Nc6 6. O-O Nb6 7. b3 Be7 8. Bb2
f6 9. Qc1 O-O 10. Rd1 Qe8 11. Nc3 Bd6 12. d4 e4 13. Nd2 f5 14. Nc4 Ne7 15. Nxd6
cxd6 16. d5 Ng6 17. a4 a6 18. f4 Nd7 19. Qe3 b6 20. a5 bxa5 21. Rxa5 Rb8 22. Nb1
Nf6 23. Na3 Qd8 24. Nc4 Rb5 25. Qc3 Bb7 26. Rxb5 axb5 27. Ne3 Qb6 28. Bh3 Ne7
29. Kf1 b4 30. Qd4 Qxd4 31. Rxd4 Nfxd5 32. Nc4 Rc8 33. Kf2 Ba6 34. Bxf5 Nxf5 35.
Rxd5 Rc5 36. Rxc5 dxc5 37. Ne3 Nxe3 38. Kxe3 Kf7 39. Kxe4 Bxe2 40. Kd5 Bd1 41.
Kc4 g6 42. Bc1 Ke6 43. Be3 Kf5 44. Bxc5 Kg4 45. Bxb4 Kh3 46. Be1 Kxh2 47. b4 Bf3
48. b5 Kg2 49. b6 h5 50. Kc5 Kf1 51. Bc3 Kg2 52. Be5 Kh3 53. Kd6 Kg4 54. Ke6 Be4
55. Bd6 Bf5+ 56. Ke7 Be4 57. Kd8 1-0

[Event "Mondiale Semilampo 2016"]
[Site "Doha QAT"]
[Date "2016.12.27"]
[Round "6.5"]
[White "Melkumyan, Hrant"]
[Black "Pantsulaia, Levan"]
[Result "1/2-1/2"]
[WhiteTitle "GM"]
[BlackTitle "GM"]
[WhiteElo "2633"]
[BlackElo "2607"]
[WhiteFideId "13302485"]
[BlackFideId "13602071"]
[EventDate "2016.12.26"]

1. d4 Nf6 2. Nf3 c5 3. d5 g6 4. Nc3 Bg7 5. e4 O-O 6. a4 d6 7. Be2 Bg4 8. O-O Na6
9. Re1 Nc7 10. Nd2 Bxe2 11. Rxe2 a6 12. a5 Nb5 13. Nc4 Nd7 14. Na4 f5 15. exf5
Rxf5 16. Nab6 Nxb6 17. Nxb6 Rb8 18. c3 Nc7 19. Ra4 Na8 20. Nxa8 Rxa8 21. Bf4 Qd7
22. Rae4 Qb5 23. g4 Rf7 24. Bg3 Raf8 25. Qa4 Bf6 26. Kg2 g5 27. h3 Qd3 28. Qc4
Qb1 29. Qb3 Be5 30. Rxe5 dxe5 31. Qc2 Qxc2 32. Rxc2 Rd8 33. Rd2 e4 34. c4 e6 35.
d6 Rf3 36. Re2 Rb3 37. Rxe4 Kf7 38. Be5 h6 39. Re2 Rb4 40. Rc2 Ke8 41. h4 gxh4
42. Kh3 Rb3+ 43. Kxh4 Rf3 44. Bg3 Kd7 45. Re2 Rg8 46. Re5 Rg5 47. Rxg5 hxg5+ 48.
Kxg5 e5 49. Bxe5 Rxf2 50. Kh6 Ke6 51. Bc3 Kxd6 52. g5 Ke6 53. Kg6 Rf4 54. Bf6
Rxc4 55. Bc3 Ra4 56. Kg7 Kf5 57. Bf6 Rb4 58. Kf7 Rg4 59. Ke7 Ra4 60. Bc3 Kxg5
61. Kd6 Ra1 62. Kc7 Rd1 63. Kxb7 Rd6 64. Be5 Re6 65. Bc7 Re2 66. b3 Re3 67. Kc6
Rxb3 68. Kxc5 Kf5 69. Kc6 Ke6 70. Bb6 Rc3+ 71. Kb7 Kd7 72. Kxa6 Kc6 73. Ba7 1/2-1/2

[Event "Mondiale Semilampo 2016"]
[Site "Doha QAT"]
[Date "2016.12.27"]
[Round "6.7"]
[White "Khusnutdinov, Rustam"]
[Black "Nepomniachtchi, Ian"]
[Result "1/2-1/2"]
[WhiteTitle "GM"]
[BlackTitle "GM"]
[WhiteElo "2458"]
[BlackElo "2767"]
[WhiteFideId "13701703"]
[BlackFideId "4168119"]
[EventDate "2016.12.26"]

1. d4 Nf6 2. c4 g6 3. Nc3 d5 4. Bf4 Bg7 5. e3 O-O 6. Rc1 Be6 7. Qb3 c5 8. Qxb7
Qb6 9. Qxb6 axb6 10. Nf3 dxc4 11. dxc5 bxc5 12. Ng5 Bd5 13. e4 Bb7 14. f3 Ba6
15. Na4 Nbd7 16. Bxc4 Bxc4 17. Rxc4 Nh5 18. g3 h6 19. Nh3 g5 20. Nxc5 Nxf4 21.
gxf4 Nxc5 22. Rxc5 Rxa2 23. Rd5 Rxb2 24. O-O e6 25. Rdd1 gxf4 26. Nxf4 Be5 27.
Nd3 Bxh2+ 28. Kh1 Ra2 29. f4 Kh7 30. Ne5 Bg3 31. Rd7 Rh2+ 32. Kg1 Rg8 33. Nxf7
Bxf4+ 34. Ng5+ Kg6 35. Nxe6 Kf6+ 36. Rg7 Rxg7+ 37. Nxg7 Rh4 38. Rxf4+ Rxf4 39.
Nh5+ Ke5 40. Nxf4 Kxf4 41. Kh1 1/2-1/2

[Event "Mondiale Semilampo 2016"]
[Site "Doha QAT"]
[Date "2016.12.27"]
[Round "6.8"]
[White "Dominguez Perez, Leinier"]
[Black "Zhigalko, Sergei"]
[Result "1-0"]
[WhiteTitle "GM"]
[BlackTitle "GM"]
[WhiteElo "2739"]
[BlackElo "2671"]
[WhiteFideId "3503240"]
[BlackFideId "13502956"]
[EventDate "2016.12.26"]

1. d4 Nf6 2. Nf3 e6 3. g3 b6 4. Bg2 Bb7 5. c4 Bb4+ 6. Bd2 Bxd2+ 7. Qxd2 O-O 8.
Nc3 Ne4 9. Qd3 Nxc3 10. Ng5 Ne4 11. Nxe4 Nc6 12. O-O f5 13. Nc3 Nb4 14. Qd2 Bxg2
15. Kxg2 Nc6 16. Rad1 Qf6 17. f4 d6 18. d5 Ne7 19. e4 fxe4 20. Nxe4 Qg6 21. Ng5
exd5 22. cxd5 Nf5 23. Rfe1 h6 24. Ne6 Rf7 25. Rc1 Re8 26. Nxc7 Nh4+ 27. Kh1
Rxe1+ 28. Qxe1 Qh5 29. Qe8+ Kh7 30. Qe4+ Nf5 31. Kg2 Qg6 32. Kg1 Qf6 33. Rc2
Qd4+ 34. Qxd4 Nxd4 35. Rc4 b5 36. Rxd4 Rxc7 37. Rd2 b4 38. Kf2 Rc1 39. Kf3 a5
40. b3 Rc3+ 41. Ke4 Kg6 42. g4 Kf6 43. h4 g6 44. g5+ Kg7 45. Rh2 Rc1 46. Kf3
Rc3+ 47. Ke4 Rc1 48. Re2 Rc3 49. Kd4 Rf3 50. Re7+ Kf8 51. Ke4 Rf2 52. Re6 hxg5
53. hxg5 Rxa2 54. Rxd6 Rb2 55. Rxg6 Rxb3 56. Ra6 Ra3 57. d6 Ke8 58. g6 Rg3 59.
g7 b3 60. g8=Q+ Rxg8 61. Ra8+ Kd7 62. Rxg8 Kxd6 63. Kd3 a4 64. Kc3 Kd5 1-0

[Event "Mondiale Semilampo 2016"]
[Site "Doha QAT"]
[Date "2016.12.27"]
[Round "6.12"]
[White "Artemiev, Vladislav"]
[Black "Sanal, Vahap"]
[Result "1-0"]
[WhiteTitle "GM"]
[BlackTitle "GM"]
[WhiteElo "2653"]
[BlackElo "2474"]
[WhiteFideId "24101605"]
[BlackFideId "6300545"]
[EventDate "2016.12.26"]

1. d4 Nf6 2. c4 e6 3. Nc3 Bb4 4. Qb3 c5 5. dxc5 Nc6 6. Nf3 O-O 7. Bg5 h6 8. Bh4
Qa5 9. Bxf6 gxf6 10. Rc1 Bxc5 11. e3 Be7 12. Be2 b6 13. O-O Bb7 14. Rfd1 Rfd8
15. Rd2 d6 16. Rcd1 Rd7 17. a3 Rad8 18. Qc2 Qh5 19. Nd4 Qg5 20. g3 f5 21. b4 Qg7
22. Nd5 exd5 23. Nxf5 Qf6 24. cxd5 Ne5 25. f4 Ng6 26. Nxh6+ Kf8 27. Bg4 Rc8 28.
Qf5 Rdc7 29. Qxf6 Bxf6 30. Bxc8 Bxc8 31. e4 Re7 32. Nf5 Rd7 33. Rc1 Rd8 34. Nxd6
Bg4 35. Nb5 a6 36. Nd4 Re8 37. Rc6 Bd8 38. e5 Ne7 39. Rh6 Ng6 40. e6 Kg7 41.
exf7 Rf8 42. h3 Bd7 43. Rh5 Rxf7 44. Ne6+ Bxe6 45. dxe6 Rf8 46. Rd7+ Kf6 47.
Rhd5 Be7 48. f5 Nh8 49. g4 Rg8 50. Kf2 Rf8 51. g5+ 1-0

[Event "Mondiale Semilampo 2016"]
[Site "Doha QAT"]
[Date "2016.12.27"]
[Round "6.14"]
[White "Wojtaszek, Radoslaw"]
[Black "Bu, Xiangzhi"]
[Result "1/2-1/2"]
[WhiteTitle "GM"]
[BlackTitle "GM"]
[WhiteElo "2749"]
[BlackElo "2705"]
[WhiteFideId "1118358"]
[BlackFideId "8601445"]
[EventDate "2016.12.26"]

1. d4 d5 2. c4 c6 3. Nc3 Nf6 4. e3 e6 5. Nf3 a6 6. Bd3 dxc4 7. Bxc4 c5 8. O-O b5
9. Be2 Bb7 10. dxc5 Bxc5 11. Qxd8+ Kxd8 12. Nd2 Nbd7 13. Nb3 Bb6 14. a4 b4 15.
a5 Ba7 16. Na2 Bd5 17. Nd4 e5 18. Nf5 Bc5 19. Bd2 Ne4 20. Rfd1 Bxa2 21. Rxa2 g6
22. Ng3 Nxd2 23. Rxd2 Ke7 24. Ra1 Rhc8 25. Rad1 Nf6 26. b3 h5 27. Bf3 Rab8 28.
Ne4 Rb5 29. Nxf6 Kxf6 30. Rd7 Rxa5 31. g3 Be7 32. Ra7 Rd8 33. Rc1 Rc5 34. Rxc5
Bxc5 35. Rxa6+ Kg7 36. Ra5 Rc8 37. Bd5 Rc7 38. Bc4 e4 39. h3 f5 40. Kg2 Be7 41.
Ra6 Rd7 42. Re6 Rc7 43. g4 hxg4 44. hxg4 Bh4 45. gxf5 gxf5 46. Rd6 Ra7 47. Rd2
Kf6 48. Kf1 Ra1+ 49. Ke2 Kg5 50. Rd1 Ra2+ 51. Rd2 Rxd2+ 52. Kxd2 Bxf2 53. Ke2
Bg3 54. Be6 Bd6 55. Bc8 Bc5 56. Bd7 Kf6 57. Bc8 Ke5 58. Bb7 Bb6 1/2-1/2

[Event "Mondiale Semilampo 2016"]
[Site "Doha QAT"]
[Date "2016.12.27"]
[Round "6.15"]
[White "Jobava, Baadur"]
[Black "Matlakov, Maxim"]
[Result "1/2-1/2"]
[WhiteTitle "GM"]
[BlackTitle "GM"]
[WhiteElo "2702"]
[BlackElo "2694"]
[WhiteFideId "13601520"]
[BlackFideId "4168003"]
[EventDate "2016.12.26"]

1. b3 d5 2. Bb2 Bg4 3. f3 Bf5 4. e3 e6 5. Nc3 Be7 6. Qe2 c5 7. Qb5+ Qd7 8. e4
dxe4 9. Nxe4 Qxb5 10. Bxb5+ Kf8 11. O-O-O Nf6 12. Nf2 a6 13. Bd3 Bxd3 14. Nxd3
Nc6 15. Ne2 Nd5 16. Kb1 f6 17. h4 Kf7 18. h5 Rhd8 19. Nf2 e5 20. Ne4 Nd4 21.
Bxd4 cxd4 22. g4 Rac8 23. N2g3 Rd7 24. Nf5 Bf8 25. c4 dxc3 26. dxc3 Rcd8 27. Kb2
Ke6 28. b4 g6 29. hxg6 hxg6 30. Nh4 Nf4 31. Rxd7 Rxd7 32. Kb3 Rd3 33. a4 Be7 34.
a5 Re3 35. Kc4 f5 36. Nc5+ Bxc5 37. Kxc5 Rxc3+ 38. Kb6 Rc4 39. b5 Rb4 40. Kxb7
Rxb5+ 41. Kxa6 Rb2 42. Ka7 e4 43. Re1 Ke5 44. fxe4 fxg4 45. Rg1 g5 46. Rxg4 1/2-1/2

[Event "Mondiale Semilampo 2016"]
[Site "Doha QAT"]
[Date "2016.12.27"]
[Round "6.16"]
[White "Akopian, Vladimir"]
[Black "Ganguly, Surya Shekhar"]
[Result "1-0"]
[WhiteTitle "GM"]
[BlackTitle "GM"]
[WhiteElo "2675"]
[BlackElo "2668"]
[WhiteFideId "13300032"]
[BlackFideId "5002150"]
[EventDate "2016.12.26"]

1. e4 e5 2. Nf3 Nc6 3. Bc4 Nf6 4. d3 Bc5 5. O-O d6 6. c3 O-O 7. b4 Bb6 8. a4 a6
9. Bg5 h6 10. Bh4 g5 11. Bg3 Ne7 12. Nbd2 Ng6 13. Bb3 c6 14. Nc4 Bc7 15. Ne3 d5
16. Qc2 Be6 17. exd5 Nxd5 18. d4 e4 19. Qxe4 Nxc3 20. Qc2 Ne2+ 21. Qxe2 Bxb3 22.
Nf5 Be6 23. Qc2 Kh7 24. Bxc7 Qxc7 25. Ne3 Qf4 26. Rad1 Rad8 27. b5 axb5 28. axb5
cxb5 29. d5 Rc8 30. Qb2 Bd7 31. d6 Rc6 32. Nd5 Qxd6 33. Nb6 Rxb6 34. Rxd6 Rxd6
35. h4 gxh4 36. Qb4 Rd5 37. Nxh4 Rg8 38. Nxg6 Rxg6 39. Qe7 Kg7 40. f3 Bh3 41.
Rf2 Rdg5 42. g4 h5 43. Kh2 hxg4 44. fxg4 Kh7 1-0

[Event "Mondiale Semilampo 2016"]
[Site "Doha QAT"]
[Date "2016.12.27"]
[Round "6.18"]
[White "Tregubov, Pavel V."]
[Black "Nguyen, Ngoc Truong Son"]
[Result "0-1"]
[WhiteTitle "GM"]
[BlackTitle "GM"]
[WhiteElo "2585"]
[BlackElo "2629"]
[WhiteFideId "4115341"]
[BlackFideId "12401110"]
[EventDate "2016.12.26"]

1. d4 Nf6 2. c4 e6 3. Nf3 d5 4. Nc3 Bb4 5. Bg5 h6 6. Bxf6 Qxf6 7. Qa4+ Nc6 8. e3
O-O 9. Rc1 Bd7 10. Be2 dxc4 11. a3 Bd6 12. O-O Qg6 13. Qxc4 e5 14. d5 Ne7 15.
Ne4 Bb5 16. Qxb5 Qxe4 17. Rfd1 a6 18. Qb3 Qg6 19. Nd2 b5 20. e4 Kh8 21. Qg3 Qxg3
22. hxg3 g6 23. Nb3 Kg7 24. Nc5 Rfb8 25. Rc2 Ng8 26. g4 Nf6 27. f3 h5 28. gxh5
Nxh5 29. Kf2 Rb6 30. g3 Nf6 31. Kg2 Kf8 32. Nd3 Re8 33. Rdc1 Nd7 34. Nb4 a5 35.
Nd3 f5 36. Rc6 Rxc6 37. Rxc6 Rb8 38. Nf2 Nc5 39. Bd3 b4 40. exf5 bxa3 41. bxa3
Nxd3 42. Nxd3 gxf5 43. f4 e4 44. Ne5 Rb2+ 45. Kh3 Rd2 46. Nc4 Rxd5 47. a4 Rc5
48. Rxc5 Bxc5 49. Nxa5 e3 0-1

[Event "Mondiale Semilampo 2016"]
[Site "Doha QAT"]
[Date "2016.12.27"]
[Round "6.19"]
[White "Borisek, Jure"]
[Black "Naiditsch, Arkadij"]
[Result "1-0"]
[WhiteTitle "GM"]
[BlackTitle "GM"]
[WhiteElo "2561"]
[BlackElo "2687"]
[WhiteFideId "14603152"]
[BlackFideId "4650891"]
[EventDate "2016.12.26"]

1. e4 e5 2. Nf3 Nc6 3. Bb5 Nf6 4. d3 d6 5. c3 g6 6. O-O Bg7 7. Re1 O-O 8. Nbd2
a6 9. Ba4 b5 10. Bc2 Bb7 11. Nf1 d5 12. Bg5 h6 13. Bh4 Qd6 14. a4 d4 15. Bb3
Rad8 16. axb5 axb5 17. Bxf6 Qxf6 18. Bd5 dxc3 19. bxc3 Bc8 20. Ne3 Ne7 21. Ra7
Qb6 22. Qa1 Rd7 23. Qa2 Nxd5 24. Nxd5 Qd6 25. Rd1 c6 26. Rxd7 Bxd7 27. Ne3 Be6
28. Qa7 c5 29. c4 b4 30. Nd5 Rb8 31. Nd2 Bf8 32. Nb3 Kg7 33. Ra1 Rc8 34. h3 Qd8
35. Ra6 Bxd5 36. exd5 h5 37. Qb7 Be7 38. Ra7 Kf6 39. d6 Bxd6 40. Qxf7+ Kg5 41.
h4+ Kxh4 42. Nd2 e4 43. Qxg6 Qg8 44. Rg7 1-0

[Event "Mondiale Semilampo 2016"]
[Site "Doha QAT"]
[Date "2016.12.27"]
[Round "6.20"]
[White "Howell, David W L"]
[Black "Pichot, Alan"]
[Result "1/2-1/2"]
[WhiteTitle "GM"]
[BlackTitle "GM"]
[WhiteElo "2644"]
[BlackElo "2544"]
[WhiteFideId "410608"]
[BlackFideId "110973"]
[EventDate "2016.12.26"]

1. d4 Nf6 2. c4 g6 3. Nc3 Bg7 4. Nf3 O-O 5. g3 d6 6. Bg2 Nc6 7. O-O a6 8. b3 Rb8
9. d5 Na5 10. Bg5 c5 11. dxc6 Nxc6 12. Rc1 Bd7 13. e4 b5 14. cxb5 axb5 15. Qe2
h6 16. Bd2 b4 17. Nd5 Kh7 18. Rc2 e6 19. Nxf6+ Qxf6 20. Rd1 Rfd8 21. Be3 Qe7 22.
Qd2 Be8 23. Bf4 Ne5 24. Qc1 g5 25. Be3 Bb5 26. Nd4 Ng4 27. Rc7 Qf6 28. Nxb5 Nxe3
29. Qxe3 Rxb5 30. Qd3 Re5 31. f4 gxf4 32. Rf1 Qg6 33. Rxf4 Bf6 34. Qf3 Kg7 35.
Bh3 Rc5 36. Rxc5 dxc5 37. e5 Bg5 38. Re4 Rd4 39. Bg2 Rxe4 40. Qxe4 Qxe4 41. Bxe4
Be3+ 42. Kg2 Bd4 43. g4 Bxe5 44. h3 Kf6 45. Kf3 Kg5 46. Bc6 Kh4 47. Be8 f6 48.
Bd7 Kxh3 49. Bxe6 Kh4 1/2-1/2

[Event "Mondiale Semilampo 2016"]
[Site "Doha QAT"]
[Date "2016.12.27"]
[Round "6.21"]
[White "Xu, Yi"]
[Black "Riazantsev, Alexander"]
[Result "0-1"]
[WhiteTitle "IM"]
[BlackTitle "GM"]
[WhiteElo "2430"]
[BlackElo "2671"]
[WhiteFideId "8605564"]
[BlackFideId "4125029"]
[EventDate "2016.12.26"]

1. e4 c6 2. d4 d5 3. e5 Bf5 4. Nf3 e6 5. Be2 Ne7 6. O-O Bg6 7. Nbd2 c5 8. dxc5
Nec6 9. Nb3 Nd7 10. Bg5 Be7 11. Bxe7 Qxe7 12. Bb5 Bh5 13. Re1 Nxc5 14. Nbd4 Rc8
15. c4 O-O 16. cxd5 Nxd4 17. Qxd4 Bxf3 18. gxf3 exd5 19. Kh1 Rfd8 20. Qg4 a6 21.
Bf1 Rc6 22. Rad1 Rg6 23. Qb4 Nd3 24. Qd4 Nxe1 25. Rxe1 Rh6 26. h3 Rh4 27. Qd2
Qb4 28. Qg5 Re8 29. Rc1 h6 30. Qg3 Qxb2 31. Rc7 Qxe5 32. Rc8 Rh5 33. f4 Qe1 34.
Rxe8+ Qxe8 35. Qg4 g6 36. Bd3 Qe6 37. f5 Qe1+ 0-1

[Event "Mondiale Semilampo 2016"]
[Site "Doha QAT"]
[Date "2016.12.27"]
[Round "6.22"]
[White "Karjakin, Sergey"]
[Black "Fressinet, Laurent"]
[Result "1-0"]
[WhiteTitle "GM"]
[BlackTitle "GM"]
[WhiteElo "2785"]
[BlackElo "2672"]
[WhiteFideId "14109603"]
[BlackFideId "608742"]
[EventDate "2016.12.26"]

1. Nf3 d5 2. e3 Nf6 3. c4 e6 4. b3 b6 5. Bb2 Bb7 6. cxd5 exd5 7. Nc3 Nbd7 8. d4
a6 9. Bd3 Bd6 10. O-O O-O 11. Rc1 Ne4 12. Rc2 Qe7 13. Qc1 Ndf6 14. Ne2 c5 15.
Ng3 Nxg3 16. hxg3 Ne4 17. dxc5 bxc5 18. Bxe4 dxe4 19. Nd2 Rad8 20. Nc4 Bc7 21.
Ba3 Rd5 22. Nb2 Bd6 23. Rd1 Rh5 24. Nc4 Bc7 25. Nd2 Bd6 26. Nc4 Bc7 27. Nb2 Bd6
28. Qd2 Rh6 29. Qe2 Rc8 30. Rcd2 a5 31. Nc4 Ba6 32. Qg4 Rg6 33. Nxd6 1-0

[Event "Mondiale Semilampo 2016"]
[Site "Doha QAT"]
[Date "2016.12.27"]
[Round "6.23"]
[White "Mamedov, Rauf"]
[Black "Malakhov, Vladimir"]
[Result "1/2-1/2"]
[WhiteTitle "GM"]
[BlackTitle "GM"]
[WhiteElo "2688"]
[BlackElo "2713"]
[WhiteFideId "13401653"]
[BlackFideId "4120787"]
[EventDate "2016.12.26"]

1. c4 Nf6 2. Nc3 e5 3. g3 Bb4 4. Bg2 O-O 5. Nf3 Bxc3 6. bxc3 d6 7. O-O Nc6 8. d3
h6 9. h3 Rb8 10. Ne1 Bd7 11. e4 a6 12. Kh2 b5 13. cxb5 axb5 14. Be3 b4 15. cxb4
Rxb4 16. Nc2 Ra4 17. Qd2 Nd4 18. f4 c5 19. Qc1 Bb5 20. Ne1 Nd7 21. Rb1 Qa5 22.
Rf2 Ba6 23. Bd2 Qd8 24. Be3 Qe7 25. Qd1 Ra5 26. Qd2 Rb5 27. Rxb5 Bxb5 28. Nf3
Ra8 29. Nh4 exf4 30. Rxf4 Ne5 31. Bxd4 cxd4 32. Nf5 Qc7 33. Nxd4 Bxd3 34. Nf5
Ra6 35. Rh4 Qc2 36. Qxc2 Bxc2 37. Rf4 Bb1 38. a3 Ba2 39. Rf2 Be6 40. Bf1 Rxa3
41. Nxd6 Nf3+ 42. Kh1 Ne5 43. Kh2 h5 44. Nf5 Nf3+ 45. Kg2 Ng5 46. Rf4 Ra2+ 47.
Kg1 Ra3 48. h4 Nf3+ 49. Kf2 Ne5 50. Be2 g6 51. Nd4 Bg4 52. Kg2 Bxe2 53. Nxe2 Nd3
54. Rf6 Ra2 55. Kf1 Ra4 56. Rd6 Ne5 57. Rd4 Ra2 58. Rd5 Ng4 59. Rd3 Kg7 60. Nf4
Ra4 61. Rd7 Rxe4 62. Kg2 Kf8 63. Ra7 Rc4 64. Ra8+ Kg7 65. Ra7 Rc2+ 66. Kg1 Rc3
67. Kg2 Ne3+ 68. Kf2 Ng4+ 69. Kg2 Rc6 70. Kf3 Rc2 71. Ne6+ Kf6 72. Ng5 Ne5+ 73.
Ke3 Rc4 74. Ne4+ Kg7 75. Ng5 Rg4 76. Kf2 Rb4 77. Ne6+ Kg8 78. Ra8+ Kh7 79. Ng5+
Kg7 80. Ra7 Rb3 81. Ne6+ Kg8 82. Ra8+ Kh7 83. Ng5+ Kg7 84. Ra7 Ng4+ 85. Kg2 Nh6
86. Kf2 Rb6 87. Kf3 Rf6+ 88. Kg2 Nf5 89. Kh3 Ne3 90. Re7 Ng4 91. Kg2 Kf8 92. Ra7
Ne3+ 93. Kg1 Rf1+ 94. Kh2 Kg8 95. Ra8+ Kg7 96. Ra7 Ng4+ 97. Kg2 Rf2+ 98. Kg1 Rf5
99. Ne6+ Kg8 100. Ra8+ Kh7 101. Ng5+ Kg7 102. Ra7 Nh6 103. Kg2 Re5 104. Kf3 Re8
105. Kg2 Kg8 106. Kf3 f6 107. Nh3 Ng4 108. Nf4 Ne5+ 109. Kg2 Rd8 110. Ra6 Rd2+
111. Kf1 Kg7 112. Ne6+ Kf7 113. Nf4 Rd7 114. Kf2 Ng4+ 115. Kf1 Rb7 116. Kg2 Kg7
117. Ne6+ Kh6 118. Ra8 Rb2+ 119. Kg1 g5 120. hxg5+ fxg5 121. Ra6 Nf6 122. Nf4
Kg7 123. Ra7+ Kg8 124. Ra8+ Kf7 125. Ra7+ Ke8 126. Ne6 g4 127. Ng7+ Kf8 128.
Ne6+ Ke8 129. Ng7+ Kd8 130. Ra5 Rb1+ 1/2-1/2

[Event "Mondiale Semilampo 2016"]
[Site "Doha QAT"]
[Date "2016.12.27"]
[Round "6.24"]
[White "Halkias, Stelios"]
[Black "Onischuk, Vladimir"]
[Result "0-1"]
[WhiteTitle "GM"]
[BlackTitle "GM"]
[WhiteElo "2585"]
[BlackElo "2601"]
[WhiteFideId "4201809"]
[BlackFideId "14114038"]
[EventDate "2016.12.26"]

1. d4 d6 2. Nf3 g6 3. g3 Bg7 4. Bg2 Nf6 5. O-O O-O 6. c4 c6 7. Nbd2 Nbd7 8. b3
Re8 9. Ba3 Qc7 10. Qc2 e5 11. e3 h6 12. Rad1 exd4 13. Nxd4 a5 14. Nb1 Nc5 15.
Nc3 Bd7 16. Rd2 Rad8 17. Re1 Qc8 18. Bb2 h5 19. a3 h4 20. b4 axb4 21. axb4 h3
22. Bh1 Na6 23. b5 Nb4 24. Qb3 c5 25. Nde2 g5 26. Ba3 Be6 27. Bxb4 cxb4 28. Qxb4
Bxc4 29. Na4 Ng4 30. Nd4 Ne5 31. Nb6 Qc5 32. Qa5 d5 33. Na4 Qe7 34. Nb2 Ra8 35.
Qc3 Ra3 36. Qc2 Ra2 37. Qb1 Rea8 38. Nxc4 Ra1 39. Qxa1 Rxa1 40. Rxa1 dxc4 41.
Ra8+ Bf8 42. Nf5 Qf6 43. e4 Nd3 44. Bf3 Qc3 45. Rd1 Qb2 46. Rf1 c3 47. Ne7+ Kg7
48. Nf5+ Kg6 49. Rxf8 c2 50. Rc8 c1=Q 51. Rcxc1 Nxc1 52. Rd1 Ne2+ 53. Kf1 Nc3
54. Re1 Qxb5+ 55. Kg1 Qd3 56. Bg4 b5 57. Bxh3 Ne2+ 58. Kg2 b4 59. Ne3 Qxe4+ 60.
Kf1 Nd4 61. Bg2 Qd3+ 62. Kg1 b3 63. Rd1 Qc3 64. Be4+ f5 65. Nxf5 Nxf5 66. g4 Kf6
67. Bxf5 b2 68. Rb1 Ke5 69. Kg2 Kf4 70. h3 Qf3+ 71. Kg1 Qe2 72. Kg2 Qd2 73. Bh7
Qd5+ 74. Kg1 Qc6 75. Bf5 Qc3 76. Kg2 Qf3+ 77. Kg1 Qe2 78. Kg2 Qd2 79. Rf1 Qc1
80. Bb1 Ke5 81. Bf5 Kd4 82. Bb1 Kc3 83. Bf5 Kd2 84. Be4 Qc4 85. Bf5 Qc6+ 86. Kg1
Qc1 87. Kg2 Ke2 88. Rg1 Qc6+ 89. f3 Qxf3+ 90. Kh2 Kf2 91. Bg6 Qf4+ 92. Kh1 Qc1 0-1

[Event "Mondiale Semilampo 2016"]
[Site "Doha QAT"]
[Date "2016.12.27"]
[Round "6.26"]
[White "Inarkiev, Ernesto"]
[Black "Grandelius, Nils"]
[Result "1/2-1/2"]
[WhiteTitle "GM"]
[BlackTitle "GM"]
[WhiteElo "2709"]
[BlackElo "2643"]
[WhiteFideId "4162722"]
[BlackFideId "1710400"]
[EventDate "2016.12.26"]

1. e4 c5 2. Nf3 d6 3. d4 cxd4 4. Nxd4 Nf6 5. Nc3 a6 6. Be3 e6 7. f3 b5 8. Qd2 b4
9. Na4 Nbd7 10. Bc4 Ne5 11. Bb3 Bd7 12. O-O Rb8 13. c3 Qa5 14. cxb4 Qxb4 15. Nc3
Be7 16. Qe2 Qb7 17. Kh1 Ng6 18. Bg1 Nh5 19. Qe3 O-O 20. Nde2 Nf6 21. Rae1 a5 22.
Nd4 Nh5 23. Qd2 Rfc8 24. f4 a4 25. Nxa4 Nhxf4 26. Nb6 Qxb6 27. Nxe6 Qxb3 28.
axb3 Nxe6 29. b4 Ne5 30. Rc1 Re8 31. Ra1 Bc6 32. Rfe1 Ng5 33. Qd4 Bf6 34. Qxd6
Nxe4 35. Qd1 Rxb4 36. Qc2 Rc4 37. Qe2 h6 38. Rac1 Rxc1 39. Rxc1 Bg5 40. Rc2 Re6
41. b4 Ng6 42. Qa6 Ng3+ 43. hxg3 Bxg2+ 44. Kxg2 Rxa6 45. b5 Ra8 46. b6 Rb8 47.
Rb2 Rb7 48. Ra2 Kh7 49. Ra7 Rb8 50. Rxf7 Ne5 51. Rf5 Nc4 52. Rb5 Be3 53. Bxe3
Nxe3+ 54. Kf3 Nc4 55. b7 Kg6 56. Kg4 Kf7 57. Kh5 Nd6 58. Rb6 Ne4 59. Kg4 Nf6+
60. Kh4 Nd7 61. Rb5 Nf6 62. g4 Ne8 63. Rb6 Ke7 64. g5 hxg5+ 65. Kxg5 Kf7 66. Kf4
Nf6 67. Kf5 Nd7 68. Rb5 g6+ 69. Kg5 Kg7 70. Rb1 Nc5 71. Rb6 Ne4+ 72. Kf4 Nf6 73.
Rb5 Kh6 74. Ke5 Kg7 75. Kd6 Ne8+ 76. Kc6 Kf7 77. Ra5 Nd6 78. Kxd6 Rxb7 79. Ke5
Kg7 80. Kf4 1/2-1/2

[Event "Mondiale Semilampo 2016"]
[Site "Doha QAT"]
[Date "2016.12.27"]
[Round "6.27"]
[White "Cheparinov, Ivan"]
[Black "Lu, Shanglei"]
[Result "1-0"]
[WhiteTitle "GM"]
[BlackTitle "GM"]
[WhiteElo "2689"]
[BlackElo "2627"]
[WhiteFideId "2905540"]
[BlackFideId "8603332"]
[EventDate "2016.12.26"]

1. d4 d5 2. c4 e6 3. Nf3 Nf6 4. g3 dxc4 5. Bg2 Bd7 6. Ne5 Bc6 7. Nxc6 Nxc6 8.
O-O Qd7 9. e3 Rd8 10. Nc3 Nb4 11. Qe2 b5 12. b3 cxb3 13. axb3 c6 14. Bd2 Be7 15.
Na2 Nbd5 16. Nc1 c5 17. dxc5 Bxc5 18. Nd3 Be7 19. Ne5 Qb7 20. Rfc1 O-O 21. e4
Nb6 22. Nc6 Ra8 23. Qxb5 Rfc8 24. Be3 Bf8 25. h3 Rc7 26. Na5 Rxc1+ 27. Rxc1 Qe7
28. Nc6 Qa3 29. Rd1 Qb2 30. Qd3 Rc8 31. Bd4 Qa3 32. Ra1 Qxa1+ 33. Bxa1 Rxc6 34.
Bb2 Nfd7 35. e5 Rc7 36. Kh2 Nc5 37. Qb5 Rd7 38. Ba3 Nd3 39. Bxf8 Kxf8 40. Be4
Nb2 41. Qc5+ Kg8 42. Qc2 Rd4 43. Bxh7+ Kh8 44. Qxb2 1-0

[Event "Mondiale Semilampo 2016"]
[Site "Doha QAT"]
[Date "2016.12.27"]
[Round "6.28"]
[White "Anton Guijarro, David"]
[Black "Jakovenko, Dmitry"]
[Result "0-1"]
[WhiteTitle "GM"]
[BlackTitle "GM"]
[WhiteElo "2650"]
[BlackElo "2704"]
[WhiteFideId "2285525"]
[BlackFideId "4122356"]
[EventDate "2016.12.26"]

1. d4 Nf6 2. c4 e6 3. Nf3 d5 4. Nc3 Be7 5. Bf4 O-O 6. e3 Nbd7 7. a3 dxc4 8. Bxc4
Nb6 9. Bd3 Nbd5 10. O-O Nxf4 11. exf4 b6 12. Qe2 Bb7 13. Rfe1 Bd6 14. Ne5 Nd5
15. Qg4 c5 16. Nxd5 Bxd5 17. dxc5 bxc5 18. Rad1 Rb8 19. Re3 Bxe5 20. fxe5 f5 21.
Qa4 Rxb2 22. Bc4 Qh4 0-1